مكتبة جامعة عجلون الوطنية

فهرس بحث المكتبة

Normal view MARC view
  • الحضارة-تاريخ

Entry Topical Term

Number of records used in: 1

001 - CONTROL NUMBER

  • control field: 60427

003 - CONTROL NUMBER IDENTIFIER

  • control field: JO-AjAnu

005 - DATE AND TIME OF LATEST TRANSACTION

  • control field: 20230606083858.0

008 - FIXED-LENGTH DATA ELEMENTS

  • fixed length control field: 230606|| aca||aabn | a|a d

040 ## - CATALOGING SOURCE

  • Original cataloging agency: JO-AjAnu
  • Transcribing agency: JO-AjAnu

150 ## - HEADING--TOPICAL TERM

  • Topical term or geographic name entry element: الحضارة-تاريخ

670 ## - SOURCE DATA FOUND

  • Source citation: Work cat.: (JO-AjAnu)30815: ديورانت، ول وايريل؛ ترجمة محمد بدران, author 60426, قصة الحضارة: عصر الايمان النهضة، ج 17-18،مجلد 4، الجزء السادس، الجلد الخامس، الجزء الاول